| 000 | 02113nam a2200565 4500 | ||
|---|---|---|---|
| 999 |
_c23332 _d23332 |
||
| 001 | vtls012140444 | ||
| 005 | 20221003074800.0 | ||
| 008 | 220622s2022 xr hoc g hn 010 0bslo | ||
| 020 |
_a9788056909270 _q(viazané) |
||
| 040 |
_aSAVUK _bslo _cSAVUK _dSNK _erda |
||
| 041 | 0 | _aslo | |
| 044 |
_axo _cSK |
||
| 072 | 7 |
_a929 _xBiografie _2konspekt |
|
| 072 | 7 |
_a316.3 _xGlobálne spoločnosti. Sociálna štruktúra. Sociálne skupiny _2konspekt |
|
| 072 | 7 |
_a323 _xVnútropolitický vývoj, politický život _2konspekt |
|
| 080 |
_a(=411.16) _22011 |
||
| 080 |
_a323.28 _22011 |
||
| 080 |
_a323.12"1939/1945" _22011 |
||
| 080 |
_a929-058.1 _22011 |
||
| 080 |
_a"19" _22011 |
||
| 080 |
_a(437.6) _22011 |
||
| 080 |
_a929(092) _22011 |
||
| 100 | 1 |
_aHradská, Katarína, _d1956- _4aut _93348 |
|
| 245 | 1 | 0 |
_aGizi Fleischmannová _bnávrat nežiaduci _cKatarína Mešková Hradská |
| 246 | 3 | 0 | _aNávrat nežiaduci |
| 250 | _aDruhé vydanie | ||
| 264 | 1 |
_aBratislava _bHistorický ústav Slovenskej akadémie vied _bMarenčin PT _c2022 |
|
| 300 |
_a213 strán _bilustrácie, faksimile, portréty _c21 cm |
||
| 336 |
_atext _btxt _2rdacontent |
||
| 337 |
_abez média _bn _2rdamedia |
||
| 338 |
_azväzok _bnc _2rdacarrier |
||
| 500 | _aKniha vychádza na pamiatku deportácií Židov zo Slovenska | ||
| 500 | _aVydal Historický ústav Slovenskej akadémie vied a Marenčin PT, spol. s r.o. | ||
| 600 | 1 | 7 |
_aFleischmannová, Gizela, _d1892-1944 _2SNKMA _93349 |
| 648 | 7 |
_a20. storočie _2SNKPH _92073 |
|
| 648 | 7 |
_a20th century _2SNKPHeng _92074 |
|
| 650 | 0 | 7 |
_aŽidia _2SNKPH _91732 |
| 650 | 0 | 7 |
_aperzekúcie _2SNKPH _92021 |
| 650 | 0 | 7 |
_aholokaust (1939-1945) _2SNKPH _91733 |
| 650 | 0 | 7 |
_aosobnosti _2SNKPH _92319 |
| 650 | 0 | 7 |
_aJews _2SNKPHeng _91737 |
| 650 | 0 | 7 |
_aPersecution _2SNKPHeng _93350 |
| 650 | 0 | 7 |
_aHolocaust, 1939-1945 _2SNKPHeng _91738 |
| 650 | 0 | 7 |
_aCelebrities _2SNKPHeng _92317 |
| 651 | 7 |
_aSlovensko _2SNKPHgeo _91613 |
|
| 651 | 7 |
_aSlovakia _2SNKPHeng _91614 |
|
| 655 | 7 |
_abiografie _2SNKPH _91756 |
|
| 655 | 7 |
_aBiography _2SNKPHeng _91759 |
|